000 00288nam a2200121Ia 4500
008 190723s9999 xx 000 0 und d
020 _a978-81-309-3160-9
100 _aAnil Kumar
245 0 _aBiochemical Tests
260 _aNew delhi
_bViva Books
_c2015
300 _a404.:p
942 _cBK
999 _c1665
_d1665